000
00310pam a2200133 a 4500
020
_c
041
_h
082
_a
757
_b
RER
100
_a
Tricia Recichert.
245
_a
Art Answer Portrait Painting
_h
Textual Documents
260
_a
[s.l]:
_b
Search Press,
_c
2015.
300
_a
322:
_b
paper.
930
_a
7948
999
_c
241738
_d
241738